Sporclin' Through the '80s Quiz Stats

 Plays Quiz Updated Feb 26, 2017

Support Sporcle.
Go Orange.
Score 0/36 Timer 06:00
0 Plays Today
Hint Answer % Correct
 
▼    Music    ▼
 
Michael Jackson
97.9%
 
▼    Television    ▼
 
Smurfs
95.6%
Cher
94.4%
 
▼    Movies    ▼
 
Raiders of the Lost Ark
93.8%
KISS
93.7%
Ghostbusters
93.7%
The Terminator
93.4%
Top Gun
91.4%
The Oprah Winfrey Show
90.3%
Pac-Man
90.2%
 
▼    History    ▼
 
Margaret Thatcher
88.9%
Die Hard
86.1%
Stephen Hawking
83%
ALF
82.4%
Care Bears
82.4%
Meryl Streep
81.9%
Bruce Springsteen
80.5%
Cabbage Patch Dolls
79.5%
Hint Answer % Correct
Roseanne
78.8%
The Police
78%
Ferris Bueller's Day Off
75.5%
Magnum, P.I.
73.5%
 
▼    Gaming    ▼
 
Super Mario Bros.
71.2%
 
▼    Sports    ▼
 
Larry Bird
70.8%
John McEnroe
67.4%
Nintendo Entertainment System
66.1%
Billy Joel
64.6%
Family Ties
61.1%
Desmond Tutu
59.7%
Indira Gandhi
55.8%
Sally Ride
51.7%
Mary Lou Retton
45.2%
Dale Earnhardt
44.4%
Mario Lemieux
32.4%
Arkanoid
29%
Tom Watson
25.6%

You're not logged in!

Compare scores with friends on all Sporcle quizzes.
OR
Log In
Forgot?

From the Vault

Best Actress Winners: First Names

by butterfly75

How many golden men did these actresses earn collectively?
Remove Ads.
Support Sporcle.
Get the best of Sporcle when you Go Orange. This ad-free experience offers more features, more stats, and more fun while also helping to support Sporcle. Thank you for becoming a member.

Show Comments

Extras

Top Quizzes Today


Score Distribution

Your Account Isn't Verified!

In order to create a playlist on Sporcle, you need to verify the email address you used during registration. Go to your Sporcle Settings to finish the process.

Report this User

Report this user for behavior that violates our Community Guidelines.

Details: